| 000 | 00503nam a22001697a 4500 | ||
|---|---|---|---|
| 999 |
_c23388 _d23388 |
||
| 003 | NUST | ||
| 008 | 130416b xxu||||| |||| 00| 0 eng d | ||
| 020 |
_a9783527318520 _cAvailable |
||
| 038 | _aNusrat Nadeem | ||
| 050 | _b002307 | ||
| 082 | _a615.1078 MAN | ||
| 100 |
_aTodeschini Robert _921330 |
||
| 245 |
_aMolecular Descriptors for Chemoinformatics Vol-1 Alphabetical Listing _cRobert Todeschini |
||
| 260 |
_aUSA _bWiley-VCH _c2009 |
||
| 538 | _iBioinformatics Lab (Photocopy) | ||
| 942 |
_2ddc _cBK |
||